Corporate governance in India : (Record no. 68847)

MARC details
000 -LEADER
fixed length control field 01202nam a22003017a 4500
005 - DATE AND TIME OF LATEST TRANSACTION
control field 20170512143655.0
008 - FIXED-LENGTH DATA ELEMENTS--GENERAL INFORMATION
fixed length control field 120803t xxu||||| |||| 00| 0 eng d
010 ## - LCCN (DPL NO)
LC control number ENG-105489
020 ## - INTERNATIONAL STANDARD BOOK NUMBER
International Standard Book Number 9788120346048
Terms of availability 295.00
035 ## - SYSTEM CONTROL NUMBER
System control number EN-89022
035 ## - SYSTEM CONTROL NUMBER
System control number B-663816
037 ## - SOURCE OF ACQUISITION
Source of stock number/acquisition DBAD / PUB
037 ## - SOURCE OF ACQUISITION
Source of stock number/acquisition dpl
Stock number bookwell
040 ## - CATALOGING SOURCE
Original cataloging agency DPL
Language of cataloging EN
082 ## - DEWEY DECIMAL CLASSIFICATION NUMBER
Classification number 338.60954
100 ## - MAIN ENTRY--PERSONAL NAME
Personal name Das, Subhas Chandra
9 (RLIN) 50733
245 ## - TITLE STATEMENT
Title Corporate governance in India :
Remainder of title an evaluation /
Statement of responsibility, etc by Subhash Chandra Das
250 ## - EDITION STATEMENT
Edition statement 3rd ed
260 ## - PUBLICATION, DISTRIBUTION, ETC. (IMPRINT)
Place of publication, distribution, etc New Delhi
Name of publisher, distributor, etc PHI Learning
Date of publication, distribution, etc 2012
270 ## - ADDRESS
Address M-97, Connaught Circus
City New Delhi
Postal code 110001
300 ## - PHYSICAL DESCRIPTION
Extent xxi,297p.
Dimensions 23cm(pbk)
500 ## - GENERAL NOTE
General note Includes bibliographical references and index
710 ## - ADDED ENTRY--CORPORATE NAME
Corporate name or jurisdiction name as entry element Project Management Institute.
9 (RLIN) 50734
856 ## - ELECTRONIC LOCATION AND ACCESS
Uniform Resource Identifier <a href="http://www.loc.gov/catdir/toc/ecip0410/2003023995.html">http://www.loc.gov/catdir/toc/ecip0410/2003023995.html</a>
942 ## - ADDED ENTRY ELEMENTS (KOHA)
Source of classification or shelving scheme Dewey Decimal Classification
Item type English Books
Classification part 338.60954
Call number suffix DAS
Holdings
Withdrawn status Lost status Source of classification or shelving scheme Damaged status Not for loan Collection code Home library Current library Date acquired Source of acquisition Cost, normal purchase price Total Checkouts Full call number Barcode Date last seen Copy number Cost, replacement price Koha item type
    Dewey Decimal Classification     Non-fiction Ashok Vihar Ashok Vihar 12/05/2017 BPPD/EN/2013-14/AV/16-17/362/15.2.2017/1034/25.2.2017/ 1.3.2017 295.00 1 338.60954 DAS B-663816 13/05/2022 1 295.00 English Books
    Dewey Decimal Classification   Not For Loan Non-fiction D.B.Act.Division D.B.Act.Division 03/08/2012 DBAD/PUB 295.00   338.60954 DAS EN-89022 03/08/2012 1 295.00 English Books

© Delhi Public Library
Hit Counter
free hit counter